Elektronický zber údajov bakalárska práca

Guardado en:
Detalles Bibliográficos
Autor principal: Uhrin, Peter
Autor Corporativo: Fakulta hospodárskej informatiky EU. Katedra aplikovanej informatiky
Otros Autores: Olexa, Milan
Formato: Libro
Lenguaje:eslovaco
Publicado: Bratislava 2011
Etiquetas: Agregar Etiqueta
Sin Etiquetas, Sea el primero en etiquetar este registro!

MARC

LEADER 00000nbm a2200000 4500
001 0141052
005 20161109111730.9
041 0 |a slo 
044 |a SK 
245 1 0 |a Elektronický zber údajov  |b bakalárska práca  |c Peter Uhrin ; školiteľ: Milan Olexa 
264 1 |a Bratislava  |c 2011 
300 |a 48 s. 
100 1 |a Uhrin, Peter 
700 1 |a Olexa, Milan 
710 2 |a Fakulta hospodárskej informatiky EU. Katedra aplikovanej informatiky